[Event "Deutsche Ländermeisterschaft 2003"]
[Site "Kassel GER"]
[Date "2003.10.19"]
[Round "1"]
[White "Klassen, Olga"]
[Black "Krause, Friederike"]
[Result "1-0"]
[Termination "normal"]
[Board "6.7"]
[WhiteElo "1563"]
[BlackElo "923"]
[WhiteTeam "Rheinland-Pfalz"]
[BlackTeam "Mecklenburg-Vorpommern"]
[PlyCount "73"]
[EventCountry "GER"]
[EventRounds "7"]
[EventType "team-swiss"]
[EventDate "2003.10.18"]

1. c4 e6 2. Nc3 d5 3. cxd5 exd5 4. d4 Bb4 5. e3 Nf6 6. Nge2 c5 7. dxc5 Ne4 8.
Qb3 Nc6 9. a3 Ba5 10. Qc2 Bf5 11. b4 Nxf2 12. Qxf5 Nxh1 13. bxa5 Ne7 14. Qf3
Qxa5 15. Bd2 Qxc5 16. g3 O-O 17. Qxh1 Rfd8 18. Bg2 Rac8 19. a4 b6 20. Rb1 d4
21. Nxd4 Rxd4 22. exd4 Qxd4 23. Be4 Rd8 24. Rd1 Ng6 25. Bxg6 Re8+ 26. Ne2 Qxa4
27. Bh5 Qb5 28. Qf3 g6 29. Bg4 h5 30. Bh3 a5 31. Kf2 Qc5+ 32. Kg2 a4 33. Bd7
Ra8 34. Qxa8+ Kg7 35. Bxa4 Qc4 36. Qe8 Qxa4 37. Qxa4 1-0